Verejno-súkromné partnerstvá v podmienkach územných samospráv diplomová práca

Guardado en:
Detalles Bibliográficos
Autor principal: Saibel, Jakub
Autor Corporativo: Národohospodárska fakulta EU. Katedra verejnej správy a regionálneho rozvoja
Otros Autores: Žárska, Elena, 1955-
Formato: Libro
Lenguaje:eslovaco
Publicado: Bratislava 2009
Etiquetas: Agregar Etiqueta
Sin Etiquetas, Sea el primero en etiquetar este registro!

MARC

LEADER 00000nam$a2200000$$$4500
001 0098466
005 20240319124943.0
041 0 |a slo 
044 |a SK 
245 1 0 |a Verejno-súkromné partnerstvá v podmienkach územných samospráv  |b diplomová práca  |c Jakub Saibel ; škol. Elena Žárska 
264 1 |a Bratislava  |c 2009 
300 |a 61 s. 
100 1 |a Saibel, Jakub 
700 1 |a Žárska, Elena, 1955- 
710 2 |a Národohospodárska fakulta EU. Katedra verejnej správy a regionálneho rozvoja